Az Aegon Magyarország Zrt. sportszponzorációs tevékenységének vizsgálata a Ferencváros-Rail Cargo-n keresztül

Bibliográfiai részletek
Szerző: Molnár Tamás
További közreműködők: Szántó dr Szilvia
Dokumentumtípus: Diplomadolgozat
Kulcsszavak:Marketingkommunikáció
sportszponzoráció
kutatás vizsgálata
reklámeszközök
Szponzoráció kommunikáció
Online Access:http://dolgozattar.uni-bge.hu/2256

MARC

LEADER 00000nta a2200000 i 4500
001 dolg2256
005 20150901122355.0
008 150505suuuu hu om 000 hun d
040 |a BGE Dolgozattár Repozitórium  |b hun 
041 |a hu 
100 1 |a Molnár Tamás 
245 1 3 |a Az Aegon Magyarország Zrt. sportszponzorációs tevékenységének vizsgálata a Ferencváros-Rail Cargo-n keresztül  |c Molnár Tamás  |h [elektronikus dokumentum] 
246 1 1 |a Az Aegon Magyarország Zrt. sportszponzorációs tevékenységének vizsgálata a Ferencváros-Rail Cargo-n keresztül 
695 |a Marketingkommunikáció 
695 |a sportszponzoráció 
695 |a kutatás vizsgálata 
695 |a reklámeszközök 
695 |a Szponzoráció kommunikáció 
700 1 |a Szántó dr Szilvia  |e ths 
856 4 0 |u http://dolgozattar.uni-bge.hu/2256/1/Az%20Aegon%20Magyarorsz%C3%A1g%20Zrt.%20sportszponzor%C3%A1ci%C3%B3s%20tev%C3%A9kenys%C3%A9g%C3%A9nek%20vizsg%C3%A1lata%20a%20Ferencv%C3%A1ros-Rail%20Cargo-n%20kereszt%C3%BCl.pdf  |z Dokumentum-elérés